BUBT Library Online Catalog

জয় বাংলা সাক্ষাৎকার ১৯৭০-১৯৭৫ শেখ মুজিবুর রহমান / (Record no. 6439)

000 -LEADER
fixed length control field 00817nam a22001937a 4500
003 - CONTROL NUMBER IDENTIFIER
control field BUBTL
008 - FIXED-LENGTH DATA ELEMENTS--GENERAL INFORMATION
fixed length control field 210215b xxu||||| |||| 00| 0 eng d
020 ## - INTERNATIONAL STANDARD BOOK NUMBER
International Standard Book Number 9789845982719
082 ## - DEWEY DECIMAL CLASSIFICATION NUMBER
Classification number 954.92 / R1293j
100 ## - MAIN ENTRY--PERSONAL NAME
9 (RLIN) 3869
Personal name নাহিদ, নুরুল ইসলাম
245 ## - TITLE STATEMENT
Title জয় বাংলা সাক্ষাৎকার ১৯৭০-১৯৭৫ শেখ মুজিবুর রহমান /
Statement of responsibility, etc. নুরুল ইসলাম নাহিদ, পিয়াস মজিদ
260 ## - PUBLICATION, DISTRIBUTION, ETC. (IMPRINT)
Place of publication, distribution, etc. ঢাকা,
Name of publisher, distributor, etc. চারুলিপি :
Date of publication, distribution, etc. c2020.
300 ## - PHYSICAL DESCRIPTION
Extent 223 p. :
Other physical details ill. ;
Dimensions 19 cm.
650 #0 - SUBJECT ADDED ENTRY--TOPICAL TERM
9 (RLIN) 3870
Topical term or geographic name as entry element বঙ্গবন্ধু
700 ## - ADDED ENTRY--PERSONAL NAME
9 (RLIN) 3873
Personal name মজিদ, পিয়াস
856 ## - ELECTRONIC LOCATION AND ACCESS
Password 0
Logon 0
Link text Download
942 ## - ADDED ENTRY ELEMENTS (KOHA)
Source of classification or shelving scheme
Koha item type Books
Holdings
Withdrawn status Lost status Source of classification or shelving scheme Damaged status Not for loan Collection code Permanent location Current location Shelving location Date acquired Source of acquisition Inventory number Total Checkouts Full call number Barcode Date last seen Copy number Price effective from Koha item type
        Not For Loan Historical Books Bangladesh University of Business and Technology Library Bangladesh University of Business and Technology Library Historical Books 02/14/2021 Purchase 27725   954.92 / R1293j BUBTL-200327725 02/15/2021 C-1 02/15/2021 Books
          Historical Books Bangladesh University of Business and Technology Library Bangladesh University of Business and Technology Library Historical Books 02/14/2021 Purchase 27726   954.92 / R1293j BUBTL-200327726 02/15/2021 C-2 02/15/2021 Books
          Historical Books Bangladesh University of Business and Technology Library Bangladesh University of Business and Technology Library Historical Books 02/14/2021 Purchase 27727   954.92 / R1293j BUBTL-200327727 02/15/2021 C-3 02/15/2021 Books
          Historical Books Bangladesh University of Business and Technology Library Bangladesh University of Business and Technology Library Historical Books 02/14/2021 Purchase 27728   954.92 / R1293j BUBTL-200327728 02/15/2021 C-4 02/15/2021 Books
          Historical Books Bangladesh University of Business and Technology Library Bangladesh University of Business and Technology Library Historical Books 02/14/2021 Purchase 27729   954.92 / R1293j BUBTL-200327729 02/15/2021 C-5 02/15/2021 Books

More Information About Library

Library Hours

  • Open: 9.00 am. to 9.00 pm.
  • Only Sunday: 9.00 am. to 6.00 pm.
  • Closed: Holiday

Contact to the University

Bangladesh University of Business and Technology Library

  • Mirpurl-2, 1216.
  • Phone:
  • Fax:
  • E-Mail: admin.library@bubt.edu.bd

Contact to the Library

Contact Person:

Md. Abdul Hakim Shah
Joint Librarian
PABX No:  113
Cell No: 01816332931
E-mail: official: admin.library@bubt.edu.bd
Personal: hakim.shah@bubt.edu.bd


BUBT Library

Copyright © 2021